<?xml version="1.0" encoding="UTF-8"?>
<record
    xmlns:xsi="http://www.w3.org/2001/XMLSchema-instance"
    xsi:schemaLocation="http://www.loc.gov/MARC21/slim http://www.loc.gov/standards/marcxml/schema/MARC21slim.xsd"
    xmlns="http://www.loc.gov/MARC21/slim">

  <leader>02054nam a22002777a 4500</leader>
  <controlfield tag="003">UA-OsUOA</controlfield>
  <controlfield tag="001"> 122358 </controlfield>
  <controlfield tag="007">ta</controlfield>
  <controlfield tag="008">20170425b un ||||| |||| 00| 0 ukr d</controlfield>
  <datafield tag="100" ind1=" " ind2=" ">
    <subfield code="a">&#x41B;&#x443;&#x449; &#x423;. &#x406;.</subfield>
  </datafield>
  <datafield tag="090" ind1=" " ind2=" ">
    <subfield code="a">140.8:23/28</subfield>
    <subfield code="b">&#x41B;87</subfield>
  </datafield>
  <datafield tag="942" ind1=" " ind2=" ">
    <subfield code="c">BK</subfield>
  </datafield>
  <datafield tag="040" ind1=" " ind2=" ">
    <subfield code="a">UA-OsUOA</subfield>
    <subfield code="b">ukr</subfield>
    <subfield code="c">UA-OsUOA</subfield>
    <subfield code="d">UA-OsUOA</subfield>
  </datafield>
  <datafield tag="245" ind1=" " ind2=" ">
    <subfield code="a">&#x424;&#x435;&#x43D;&#x43E;&#x43C;&#x435;&#x43D; &#x441;&#x435;&#x43A;&#x443;&#x43B;&#x44F;&#x440;&#x438;&#x437;&#x430;&#x446;&#x456;&#x457;: &#x43D;&#x430;&#x431;&#x43B;&#x438;&#x436;&#x435;&#x43D;&#x43D;&#x44F; &#x434;&#x43E; &#x442;&#x440;&#x430;&#x43D;&#x441;&#x446;&#x435;&#x434;&#x435;&#x43D;&#x442;&#x43D;&#x43E;&#x433;&#x43E;</subfield>
    <subfield code="b">&#x43C;&#x43E;&#x43D;&#x43E;&#x433;&#x440;&#x430;&#x444;&#x456;&#x44F;</subfield>
  </datafield>
  <datafield tag="300" ind1=" " ind2=" ">
    <subfield code="a">240 &#x441;.</subfield>
  </datafield>
  <datafield tag="955" ind1=" " ind2=" ">
    <subfield code="a">1</subfield>
  </datafield>
  <datafield tag="041" ind1=" " ind2=" ">
    <subfield code="a">ukr</subfield>
  </datafield>
  <datafield tag="080" ind1=" " ind2=" ">
    <subfield code="a">140.8:23/28</subfield>
  </datafield>
  <datafield tag="020" ind1=" " ind2=" ">
    <subfield code="a">978-966-8853-53-1</subfield>
  </datafield>
  <datafield tag="520" ind1="3" ind2=" ">
    <subfield code="a">&#x423; &#x43C;&#x43E;&#x43D;&#x43E;&#x433;&#x440;&#x430;&#x444;&#x456;&#x457; &#x440;&#x43E;&#x437;&#x433;&#x43B;&#x44F;&#x434;&#x430;&#x454;&#x442;&#x44C;&#x441;&#x44F; &#x434;&#x43E;&#x43B;&#x44F; &#x440;&#x435;&#x43B;&#x456;&#x433;&#x456;&#x457; &#x443; &#x441;&#x443;&#x447;&#x430;&#x441;&#x43D;&#x43E;&#x43C;&#x443; &#x441;&#x443;&#x441;&#x43F;&#x456;&#x43B;&#x44C;&#x441;&#x442;&#x432;&#x456;.&#x41F;&#x43E;&#x43A;&#x43B;&#x438;&#x43A;&#x430;&#x44E;&#x447;&#x438;&#x441;&#x44C; &#x43D;&#x430; &#x43D;&#x430;&#x439;&#x43D;&#x43E;&#x432;&#x456;&#x448;&#x456; &#x434;&#x43E;&#x441;&#x43B;&#x456;&#x434;&#x436;&#x435;&#x43D;&#x43D;&#x44F; &#x443; &#x43D;&#x43E;&#x432;&#x456;&#x442;&#x43D;&#x456;&#x439; &#x444;&#x456;&#x43B;&#x43E;&#x441;&#x43E;&#x444;&#x456;&#x457;, &#x430;&#x432;&#x442;&#x43E;&#x440; &#x43F;&#x440;&#x43E;&#x43F;&#x43E;&#x43D;&#x443;&#x454; &#x441;&#x438;&#x43D;&#x442;&#x435;&#x442;&#x438;&#x447;&#x43D;&#x438;&#x439; &#x43F;&#x43E;&#x433;&#x43B;&#x44F;&#x434; &#x43D;&#x430; &#x441;&#x435;&#x43A;&#x443;&#x43B;&#x44F;&#x440;&#x438;&#x437;&#x430;&#x446;&#x456;&#x44E; &#x456; &#x434;&#x43E;&#x432;&#x43E;&#x434;&#x438;&#x442;&#x44C;, &#x449;&#x43E; &#x441;&#x430;&#x43C;&#x435; &#x445;&#x440;&#x438;&#x441;&#x442;&#x438;&#x44F;&#x43D;&#x441;&#x442;&#x432;&#x43E; &#x441;&#x442;&#x432;&#x43E;&#x440;&#x438;&#x43B;&#x43E; &#x443;&#x43C;&#x43E;&#x432;&#x438; &#x434;&#x43B;&#x44F; &#x43F;&#x43E;&#x432;&#x43D;&#x43E;&#x446;&#x456;&#x43D;&#x43D;&#x43E;&#x433;&#x43E; &#x440;&#x43E;&#x437;&#x433;&#x43E;&#x440;&#x442;</subfield>
  </datafield>
  <datafield tag="520" ind1="3" ind2=" ">
    <subfield code="a">&#x430;&#x43D;&#x43D;&#x44F; &#x446;&#x44C;&#x43E;&#x433;&#x43E; &#x444;&#x435;&#x43D;&#x43E;&#x43C;&#x435;&#x43D;&#x443; &#x443; &#x441;&#x43F;&#x435;&#x446;&#x438;&#x444;&#x456;&#x447;&#x43D;&#x43E;&#x43C;&#x443; &#x441;&#x435;&#x440;&#x435;&#x434;&#x43E;&#x432;&#x438;&#x449;&#x456; &#x454;&#x432;&#x440;&#x43E;&#x43F;&#x435;&#x439;&#x441;&#x44C;&#x43A;&#x43E;&#x457; &#x43A;&#x443;&#x43B;&#x44C;&#x442;&#x443;&#x440;&#x438;. &#x421;&#x435;&#x43A;&#x443;&#x43B;&#x44F;&#x440;&#x438;&#x437;&#x430;&#x446;&#x456;&#x44F; &#x43F;&#x440;&#x43E;&#x441;&#x442;&#x435;&#x436;&#x443;&#x454;&#x442;&#x44C;&#x441;&#x44F; &#x44F;&#x43A; &#x442;&#x440;&#x438;&#x432;&#x430;&#x43B;&#x430; &#x441;&#x432;&#x456;&#x442;&#x43E;&#x433;&#x43B;&#x44F;&#x434;&#x43D;&#x430; &#x442;&#x440;&#x430;&#x43D;&#x441;&#x444;&#x43E;&#x440;&#x43C;&#x430;&#x446;&#x456;&#x44F;, &#x449;&#x43E; &#x440;&#x43E;&#x437;&#x43F;&#x43E;&#x447;&#x438;&#x43D;&#x430;&#x454;&#x442;&#x44C;&#x441;&#x44F; &#x449;&#x435; &#x432; &#x41E;&#x441;&#x44C;&#x43E;&#x432;&#x43E;&#x43C;&#x443; &#x447;&#x430;&#x441;&#x456; (VIII &#x2013; II &#x441;&#x442;. &#x434;&#x43E; &#x43D;. &#x435;.) &#x456; &#x43D;&#x430;&#x439;&#x43F;&#x43E;&#x432;&#x43D;&#x456;&#x448;&#x435; &#x437;&#x434;&#x456;&#x439;&#x441;&#x43D;&#x44E;&#x454;&#x442;&#x44C;&#x441;&#x44F; &#x443; &#x444;&#x456;&#x43B;&#x43E;&#x441;&#x43E;&#x444;&#x456;&#x457; &#x41C;&#x43E;&#x434;&#x435;&#x440;&#x43D;&#x443; (&#x437; XVII &#x441;</subfield>
  </datafield>
  <datafield tag="520" ind1="3" ind2=" ">
    <subfield code="a">&#x442;.). &#x41D;&#x430; &#x43F;&#x435;&#x432;&#x43D;&#x43E;&#x43C;&#x443; &#x435;&#x442;&#x430;&#x43F;&#x456; &#x441;&#x435;&#x43A;&#x443;&#x43B;&#x44F;&#x440;&#x438;&#x437;&#x430;&#x446;&#x456;&#x44F; &#x445;&#x43E;&#x447; &#x456; &#x437;&#x430;&#x43F;&#x435;&#x440;&#x435;&#x447;&#x443;&#x454; &#x442;&#x440;&#x430;&#x43D;&#x441;&#x446;&#x435;&#x43D;&#x434;&#x435;&#x43D;&#x442;&#x43D;&#x435; (&#x411;&#x43E;&#x433;&#x430;), &#x430;&#x43B;&#x435;, &#x432;&#x440;&#x435;&#x448;&#x442;&#x456;, &#x437;&#x43D;&#x43E;&#x432;&#x443; &#x43D;&#x430;&#x431;&#x43B;&#x438;&#x436;&#x430;&#x454; &#x43B;&#x44E;&#x434;&#x438;&#x43D;&#x443; &#x434;&#x43E; &#x43D;&#x44C;&#x43E;&#x433;&#x43E;.&#x414;&#x43B;&#x44F; &#x43D;&#x430;&#x443;&#x43A;&#x43E;&#x432;&#x446;&#x456;&#x432;, &#x430;&#x441;&#x43F;&#x456;&#x440;&#x430;&#x43D;&#x442;&#x456;&#x432;, &#x441;&#x442;&#x443;&#x434;&#x435;&#x43D;&#x442;&#x456;&#x432; &#x456; &#x432;&#x441;&#x456;&#x445;, &#x445;&#x442;&#x43E; &#x446;&#x456;&#x43A;&#x430;&#x432;&#x438;&#x442;&#x44C;&#x441;&#x44F; &#x43F;&#x440;&#x43E;&#x431;&#x43B;&#x435;&#x43C;&#x430;&#x43C;&#x438; &#x441;&#x443;&#x447;&#x430;&#x441;&#x43D;&#x43E;&#x457; &#x444;&#x456;&#x43B;&#x43E;&#x441;&#x43E;&#x444;&#x456;&#x457; &#x442;&#x430; &#x440;&#x435;&#x43B;&#x456;&#x433;&#x456;&#x457;.</subfield>
  </datafield>
  <datafield tag="260" ind1=" " ind2=" ">
    <subfield code="a">&#x41B;&#x44C;&#x432;&#x456;&#x432;</subfield>
    <subfield code="b">&#x41B;&#x456;&#x442;&#x43E;&#x43F;&#x438;&#x441;</subfield>
    <subfield code="c">2016</subfield>
  </datafield>
  <datafield tag="650" ind1=" " ind2="7">
    <subfield code="a">1 &#x424;&#x456;&#x43B;&#x43E;&#x441;&#x43E;&#x444;&#x441;&#x44C;&#x43A;&#x456; &#x43D;&#x430;&#x443;&#x43A;&#x438;</subfield>
    <subfield code="2">UDC</subfield>
  </datafield>
  <datafield tag="999" ind1=" " ind2=" ">
    <subfield code="c">408650</subfield>
    <subfield code="d">408650</subfield>
  </datafield>
  <datafield tag="952" ind1=" " ind2=" ">
    <subfield code="0">0</subfield>
    <subfield code="1">0</subfield>
    <subfield code="2">udc</subfield>
    <subfield code="4">0</subfield>
    <subfield code="7">0</subfield>
    <subfield code="a">102</subfield>
    <subfield code="b">102</subfield>
    <subfield code="d">2017-04-25</subfield>
    <subfield code="e">21/2017</subfield>
    <subfield code="g">75.00</subfield>
    <subfield code="i">153677</subfield>
    <subfield code="l">1</subfield>
    <subfield code="o">140.8:23/28 &#x41B;87</subfield>
    <subfield code="p">153677</subfield>
    <subfield code="r">2022-02-09 00:00:00</subfield>
    <subfield code="s">2019-07-22</subfield>
    <subfield code="w">2017-04-25</subfield>
    <subfield code="y">BK</subfield>
  </datafield>
</record>
